Most Common Allergies - Statistics

General Stats
  • This quiz has been taken 35 times
  • The average score is 13 of 20
Answer Stats
Picture Answer % Correct
Egg
100%
Avocado
94%
Carrot
94%
Milk
94%
Onion
91%
Potato
91%
Fish
88%
Peanuts
88%
Pumpkin
88%
Mushroom
84%
Mustard
84%
Wheat
81%
Celery
66%
Bell Pepper
59%
Shellfish
56%
Spices
31%
Soy
28%
Sesame
16%
Tree nuts
16%
Triticale
0%
No matching quizzes found
Score Distribution
Percent of People with Each Score
Percentile by Number Answered
Your Score History
You have not taken this quiz